| 000 | 00918cam a2200289 a 4500 | ||
|---|---|---|---|
| 001 | 4742620 | ||
| 003 | EG-ScBUE | ||
| 005 | 20220208105726.0 | ||
| 008 | 840727s1984 enk f 000 1 eng d | ||
| 020 | _a0340839910 | ||
| 020 | _a9780340839911 | ||
| 040 |
_aDLC _beng _erda _cDLC _dDLC _dEG-ScBUE |
||
| 082 | 0 | 4 |
_a823.914 _222 _bBAR |
| 100 | 1 |
_aBarber, Noel, _d1909-1988, _eauthor. _940504 |
|
| 245 | 1 | 2 |
_aA woman of Cairo / _cNoel Barber. |
| 264 | 1 |
_aLondon : _bHodder and Stoughton Ltd, _c1984. |
|
| 300 |
_a672 pages ; _c23 cm |
||
| 336 |
_2rdacontent _atext _btxt |
||
| 337 |
_2rdamedia _aunmediated _bn |
||
| 338 |
_2rdacarrier _avolume _bnc |
||
| 650 | 7 |
_aWorld War, 1939-1945 _zEgypt _zCairo _vFiction. _2BUEsh |
|
| 650 | 7 |
_aDiplomatic and consular service _vFiction. _2BUEsh |
|
| 651 | 7 |
_aCairo (Egypt) _vFiction. _2BUEsh |
|
| 653 |
_bHHUUEENN _cFebruary2022 |
||
| 655 |
_vReading book _934232 |
||
| 942 |
_2ddc _cBB |
||
| 999 |
_c11131 _d11131 |
||